000 01753nam0a2200361 i 4500
001 RU\NLR\bibl\2004795
005 20260405105509.0
010 _a9785895982839
_9300
021 _aRU
_b2013-9435
_9685
035 _a(NLR Aleph) 001993463
090 _a4257772
_c4257772
100 _a20130227d2012 u y0rusy50 ca
101 0 _arus
102 _aRU
105 _aa |||||||||
200 1 _aИзбранное
_fТатьяна Чередниченко
_g[ред.-сост. д.искусствоведения, проф. Т.С. Кюрегян]
_gМоск. гос. консерватория им. П.И. Чайковского, Каф. теории музыки
210 _aМосква
_cМосковская консерватория
_d2012
215 _aVIII, 348, [1] с., [1] л. портр.
_cил., нот.
_d24
300 _aНа 337-й с. авт.: Т.В. Чередниченко, к.филос.н., д. искусствоведения, проф.
320 _aПечатные труды Т. Чередниченко: с. 339-348
600 1 _aЧередниченко
_bТ.В.
_f1952 - 2003
_gТатьяна Васильевна
_92139505
_3RU\NLR\auth\661594181
606 _aМузыка
_9888123
_3RU\NLR\auth\66429
686 _aЩ31г(2Р=Рус)7дЧередниченко
686 _aЩ31
686 _aТ3(0)0-7я44
686 _aС550.2я44
700 1 _4070
_7ca
_8rus
_aЧередниченко
_bТ. В.
_cд-р искусствоведения
_f1955-2003
_gТатьяна Васильевна
_923752
_3RU\NLR\auth\7740801
702 1 _aКюрегян
_bТ. С.
_gТатьяна Суреновна
_4340
801 0 _aRU
_bNLR
_c20130227
_gRCR
801 1 _aRU
_bNLR
_c20130227
942 _cBOOK
980 _aNBR